[Event "MBSK 2009 A"]
[Site "?"]
[Date "2009.09.12"]
[Round "2.5"]
[White "Zunker, Michael"]
[Black "Zymberi, Jeton"]
[Result "1/2-1/2"]
[WhiteElo "1978"]
[BlackElo "1808"]
[PlyCount "108"]
[EventDate "2009.09.11"]
[SourceDate "2009.09.11"]

1. d4 d5 2. c4 c6 3. Nf3 Bg4 4. e3 Nf6 5. Be2 e6 6. Qb3 Qc7 7. Nc3 Nbd7 8. cxd5
Nxd5 9. O-O Nxc3 10. bxc3 Bd6 11. h3 Bh5 12. Rd1 O-O 13. Bb2 Nf6 14. Kf1 Ne4
15. Nd2 Nxd2+ 16. Rxd2 Bxe2+ 17. Rxe2 b6 18. c4 Rab8 19. Rd1 Be7 20. Kg1 Bf6
21. e4 g6 22. Qf3 Bg7 23. Qb3 b5 24. Bc3 a5 25. cxb5 cxb5 26. Bb2 Rfd8 27. d5
a4 28. Qb4 Bxb2 29. Rxb2 exd5 30. Rxd5 Rxd5 31. exd5 Qe5 32. d6 Qd5 33. Rd2 Qc4
34. Qxc4 bxc4 35. Rc2 Rd8 36. Rxc4 Rxd6 37. Rxa4 Rd1+ 38. Kh2 Kg7 39. Ra7 Rd3
40. f3 h5 41. a4 h4 42. Re7 Ra3 43. Re4 g5 44. Rg4 f6 45. Rb4 Kg6 46. f4 Ra2
47. fxg5 Kxg5 48. Rb5+ f5 49. Rb4 f4 50. Kg1 Kf5 51. Rb5+ Ke4 52. Rb4+ Ke3 53.
Rb3+ Ke2 54. Rb4 Ra1+ 1/2-1/2

[Event "MBSK 2009 A"]
[Site "?"]
[Date "2009.09.12"]
[Round "2.6"]
[White "Gantner, Ralf"]
[Black "Riehle, Marco"]
[Result "1/2-1/2"]
[WhiteElo "1928"]
[BlackElo "1366"]
[Annotator "User,Your"]
[PlyCount "32"]
[EventDate "2009.09.11"]
[SourceDate "2009.09.11"]

1. d4 d5 2. Nf3 e6 3. e3 c5 4. b3 Nf6 5. Bd3 Nc6 6. O-O Qc7 7. Bb2 cxd4 8. exd4
Bd6 9. a3 O-O 10. Re1 Nh5 11. Ng5 Nf6 12. Nf3 Nh5 13. c4 Nf4 14. Nc3 Nxd3 15.
Qxd3 dxc4 16. bxc4 Bf4 1/2-1/2

[Event "MBSK 2009 A"]
[Site "?"]
[Date "2009.09.12"]
[Round "2.8"]
[White "Karaissaridis, Christos"]
[Black "Van der Vegt, Hans"]
[Result "0-1"]
[WhiteElo "1720"]
[BlackElo "2107"]
[PlyCount "44"]
[EventDate "2009.09.11"]
[SourceDate "2009.09.11"]

1. d4 g6 2. Bf4 Bg7 3. Nf3 d6 4. e3 Nc6 5. h3 Bd7 6. c4 e5 7. Bh2 exd4 8. exd4
Nge7 9. Nc3 O-O 10. Be2 Nf5 11. d5 Ne5 12. O-O Nxf3+ 13. Bxf3 Qh4 14. Be2 Rae8
15. Re1 Bd4 16. Rf1 Re7 17. Qc2 Rfe8 18. Bf3 Be5 19. Rad1 Nd4 20. Rxd4 Qxd4 21.
Nb5 Bxb5 22. cxb5 Qxb2 0-1

[Event "MBSK 2009 A"]
[Site "?"]
[Date "2009.09.12"]
[Round "2.9"]
[White "Holzapfel, Markus"]
[Black "Czikuß, Hans-Joachim"]
[Result "1/2-1/2"]
[WhiteElo "1660"]
[BlackElo "1964"]
[PlyCount "63"]
[EventDate "2009.09.11"]
[SourceDate "2009.09.11"]

1. e4 c5 2. Nc3 Nc6 3. g3 g6 4. Bg2 Bg7 5. d3 d6 6. Be3 e5 7. Qd2 Nge7 8. f4
O-O 9. Nf3 f5 10. O-O Rb8 11. fxe5 Nxe5 12. Bh6 Nxf3+ 13. Bxf3 Be6 14. Bxg7
Kxg7 15. Rae1 Qd7 16. Ne2 Rbe8 17. Nf4 Bf7 18. Qc3+ Kg8 19. e5 dxe5 20. Rxe5 g5
21. Nh5 Bxh5 22. Bxh5 Rc8 23. Qc4+ Kg7 24. Rfe1 Nc6 25. Rd5 Qc7 26. Qxc5 b6 27.
Qc3+ Kg8 28. Rf1 Ne7 29. Qxc7 Rxc7 30. Re5 Kg7 31. Rfe1 Nc6 32. Re8 1/2-1/2

[Event "MBSK 2009 A"]
[Site "?"]
[Date "2009.09.12"]
[Round "2.10"]
[White "Jaeschke, Felix"]
[Black "Sexauer, Achim"]
[Result "0-1"]
[WhiteElo "1782"]
[BlackElo "1852"]
[PlyCount "86"]
[EventDate "2009.09.11"]
[SourceDate "2009.09.11"]

1. e4 e5 2. Nf3 d6 3. Bc4 Be7 4. O-O Nf6 5. Re1 O-O 6. h3 Nc6 7. Nc3 a6 8. a4
Na5 9. Bf1 c5 10. Nb1 Be6 11. b3 Ne8 12. d3 f5 13. exf5 Bxf5 14. Nc3 Nc7 15.
Ne4 Ne6 16. Qd2 Nc6 17. Kh2 Ncd4 18. Nxd4 Nxd4 19. Rb1 Bh4 20. Ng3 Be6 21. b4
Qf6 22. Ne4 Qg6 23. c3 d5 24. cxd4 dxe4 25. g3 Rf3 26. gxh4 Raf8 27. Qg5 Rxf2+
28. Bg2 Qf7 29. bxc5 exd3 30. Be3 Rf5 31. Qg3 Bd5 32. Rg1 e4 33. Qd6 Rf6 34.
Qg3 Rg6 35. Qe1 Qc7+ 36. Kh1 Qd7 37. h5 Rf3 38. Qh4 Rgg3 39. Rgf1 Rxh3+ 40.
Qxh3 Rxh3+ 41. Bxh3 Qxh3+ 42. Kg1 Qxe3+ 43. Rf2 Qxd4 0-1

[Event "MBSK 2009 A"]
[Site "?"]
[Date "2009.09.12"]
[Round "2.11"]
[White "Marcy, Harald"]
[Black "Ciolek, Florian"]
[Result "0-1"]
[WhiteElo "1644"]
[BlackElo "1766"]
[PlyCount "42"]
[EventDate "2009.09.11"]
[SourceDate "2009.09.11"]

1. e4 e5 2. Nf3 Nc6 3. Bc4 Bc5 4. d3 Nf6 5. c3 d6 6. h3 h6 7. O-O O-O 8. Be3
Bb6 9. Bb3 Be6 10. Nbd2 d5 11. exd5 Nxd5 12. Bxb6 axb6 13. Nc4 Nf4 14. Nfxe5
Nxe5 15. Nxe5 Qg5 16. Ng4 h5 17. g3 Nxh3+ 18. Kh2 Bxg4 19. f3 Bd7 20. d4 Rfe8
21. Bd5 Qxd5 0-1

[Event "MBSK 2009 A"]
[Site "?"]
[Date "2009.09.12"]
[Round "2.12"]
[White "Bladt, Johannes"]
[Black "Johne, Florian"]
[Result "1/2-1/2"]
[WhiteElo "1620"]
[BlackElo "1751"]
[PlyCount "82"]
[EventDate "2009.09.11"]
[SourceDate "2009.09.11"]

1. d4 Nf6 2. c4 e6 3. Nc3 Bb4 4. e3 c5 5. Bd3 O-O 6. Nf3 d5 7. O-O Nc6 8. a3
Bxc3 9. bxc3 dxc4 10. Bxc4 Qc7 11. Qc2 e5 12. Bd3 Re8 13. Ng5 h6 14. Ne4 Nxe4
15. Bxe4 Ne7 16. Re1 f5 17. Bd3 c4 18. Be2 e4 19. f3 exf3 20. Bxf3 Bd7 21. Bd2
Nc8 22. e4 fxe4 23. Bxe4 Nd6 24. Bf4 Bc6 25. Bg6 Rf8 26. Be5 Qd7 27. Rf1 Nf7
28. Bxf7+ Rxf7 29. Rxf7 Qxf7 30. Rf1 Qh5 31. Qf5 Qxf5 32. Rxf5 Rf8 33. Rxf8+
Kxf8 34. Kf2 Kf7 35. Bb8 a5 36. Bc7 a4 37. Be5 g6 38. g3 Ke6 39. h4 Kf5 40. Ke3
Bd5 41. Bc7 h5 1/2-1/2

[Event "MBSK 2009 A"]
[Site "?"]
[Date "2009.09.12"]
[Round "2.13"]
[White "Klein, Michael"]
[Black "Probka, Jakiv"]
[Result "1-0"]
[WhiteElo "1745"]
[BlackElo "1534"]
[PlyCount "113"]
[EventDate "2009.09.11"]
[SourceDate "2009.09.11"]

1. d4 d5 2. Nf3 g6 3. c4 c6 4. Nc3 Bg7 5. e3 Nf6 6. Bd3 O-O 7. O-O Re8 8. cxd5
cxd5 9. Bd2 a6 10. Rc1 Bd7 11. Qb3 Bc6 12. Ne5 Qd6 13. Na4 b5 14. Nc5 Nfd7 15.
Ncxd7 Bxd7 16. Nxd7 Nxd7 17. Bb4 Qe6 18. Rc7 Nb6 19. Rfc1 Nc4 20. Qc2 a5 21.
Bc5 Bf8 22. b3 Nd6 23. Bxd6 Qxd6 24. Bxb5 Reb8 25. a4 e6 26. Qe2 Rb6 27. Qf3 f5
28. Qh3 Bg7 29. Qh4 Qf8 30. Rd7 h6 31. Rcc7 Bf6 32. Qg3 g5 33. h4 Rab8 34. hxg5
hxg5 35. Qh3 Bg7 36. Qh5 Qf6 37. Rxg7+ Qxg7 38. Rxg7+ Kxg7 39. Qxg5+ Kf7 40.
Qh6 Rg8 41. Qh7+ Rg7 42. Qh5+ Kf6 43. Qe8 Rbb7 44. Qd8+ Rbe7 45. Qxa5 Rh7 46.
g3 Rc7 47. Qa8 Kg5 48. Qg8+ Kf6 49. Kg2 Rhg7 50. Qd8+ Rge7 51. Kf3 Kg6 52. Kf4
Kf6 53. Qf8+ Rf7 54. Qh6+ Ke7 55. Ke5 Kd8 56. Qh8+ Ke7 57. Qe8# 1-0

[Event "MBSK 2009 A"]
[Site "?"]
[Date "2009.09.12"]
[Round "2.15"]
[White "Bernhard, Sebastian"]
[Black "Gashi, Fadil"]
[Result "0-1"]
[WhiteElo "1521"]
[BlackElo "1712"]
[PlyCount "104"]
[EventDate "2009.09.11"]
[SourceDate "2009.09.11"]

1. d4 e6 2. Bf4 d5 3. Nf3 c5 4. e3 c4 5. Nbd2 Nc6 6. Be2 Be7 7. Ne5 Nxe5 8.
dxe5 b5 9. c3 Bb7 10. Nf3 a5 11. a3 Bc6 12. Nd4 Bd7 13. b4 f5 14. g4 fxg4 15.
Bxg4 Qb6 16. Bh3 g6 17. O-O h5 18. e4 dxe4 19. Qc2 Kf7 20. Qxe4 Rc8 21. Be3 Qa6
22. f4 Nh6 23. Bg2 Nf5 24. Rad1 Rc7 25. Rd2 axb4 26. axb4 Qa3 27. Nxf5 gxf5 28.
Qc2 Bxb4 29. cxb4 Qxe3+ 30. Kh1 h4 31. Rf3 Qe1+ 32. Rf1 Qe3 33. Rf3 Qb6 34. Rd6
Bc6 35. Rf1 Bxg2+ 36. Qxg2 Qe3 37. Rxe6 Kxe6 38. Qg6+ Kd7 39. Qg7+ Kc6 40. Qxh8
h3 41. Qa8+ Rb7 42. Qc8+ Kb6 43. Qe6+ Kc7 44. Qd6+ Kc8 45. Qc6+ Rc7 46. Qe8+
Kb7 47. Qxb5+ Qb6 48. Qd5+ Qc6 49. Rd1 Qxd5+ 50. Rxd5 c3 51. Rd1 c2 52. Rc1 Rd7
0-1

[Event "MBSK 2009 A"]
[Site "?"]
[Date "2009.09.12"]
[Round "3.12"]
[White "Bladt, Johannes"]
[Black "Karaissaridis, Christos"]
[Result "0-1"]
[WhiteElo "1620"]
[BlackElo "1720"]
[PlyCount "104"]
[EventDate "2009.09.11"]
[SourceDate "2009.09.11"]

1. d4 Nf6 2. c4 g6 3. Nc3 Bg7 4. g3 O-O 5. Bg2 d6 6. Nf3 Nbd7 7. O-O e5 8. dxe5
Nxe5 9. Nxe5 dxe5 10. Qxd8 Rxd8 11. Bg5 Re8 12. Rfd1 c6 13. Rd2 Be6 14. c5 h6
15. Be3 Ng4 16. Ne4 Nxe3 17. fxe3 Rad8 18. Nd6 Re7 19. a3 Red7 20. Rad1 Bb3 21.
Rc1 Bf8 22. Rc3 Ba4 23. Rcd3 Bxd6 24. Rxd6 Rxd6 25. cxd6 Bb3 26. Kf2 Be6 27. b4
a6 28. a4 Bb3 29. a5 f6 30. e4 Kf7 31. Kf3 h5 32. h4 Be6 33. Bf1 Bg4+ 34. Ke3
Ke6 35. Bg2 Rxd6 36. Rxd6+ Kxd6 37. Bf3 c5 38. Kd3 Kc6 39. Bxg4 hxg4 40. Kc4
cxb4 41. Kxb4 b5 42. axb6 Kxb6 43. e3 a5+ 44. Kc4 Kc6 45. Kc3 Kb5 46. Kb3 a4+
47. Kc3 Kc5 48. Kd3 Kb4 49. Kc2 a3 50. h5 gxh5 51. Kb1 Kb3 52. Ka1 h4 0-1

[Event "MBSK 2009 A"]
[Site "?"]
[Date "2009.09.12"]
[Round "3.11"]
[White "Johne, Florian"]
[Black "Holzapfel, Markus"]
[Result "1/2-1/2"]
[WhiteElo "1751"]
[BlackElo "1660"]
[PlyCount "85"]
[EventDate "2009.09.11"]
[SourceDate "2009.09.11"]

1. e4 e6 2. d4 d5 3. Nc3 Nf6 4. Bg5 dxe4 5. Nxe4 Be7 6. Bxf6 Bxf6 7. c3 b6 8.
Nf3 Bb7 9. Bd3 Nd7 10. O-O Qe7 11. Qe2 c5 12. dxc5 Nxc5 13. Bb5+ Nd7 14. Nxf6+
gxf6 15. Rfd1 O-O-O 16. Ba6 f5 17. Nd4 Nb8 18. Bxb7+ Qxb7 19. Nb5 Qe7 20. Qc4+
Kb7 21. Qf4 a6 22. Qf3+ Nc6 23. Nd4 Qc5 24. a4 Kc7 25. Nxc6 Qxc6 26. Qf4+ Kc8
27. Qb4 Rhg8 28. g3 Kc7 29. a5 b5 30. Qe7+ Rd7 31. Rxd7+ Qxd7 32. Qc5+ Qc6 33.
Qa7+ Qb7 34. Qc5+ Qc6 35. Qa7+ Qb7 36. Qxb7+ Kxb7 37. Rd1 Kc7 38. Kf1 Rg4 39.
b3 Re4 40. Rd3 h5 41. f3 Re5 42. Kf2 f6 43. Rd4 1/2-1/2

[Event "MBSK 2009 A"]
[Site "?"]
[Date "2009.09.12"]
[Round "3.5"]
[White "Zymberi, Jeton"]
[Black "Gantner, Ralf"]
[Result "1/2-1/2"]
[WhiteElo "1808"]
[BlackElo "1928"]
[PlyCount "102"]
[EventDate "2009.09.11"]
[SourceDate "2009.09.11"]

1. d4 d6 2. Nf3 g6 3. c4 Bg7 4. e3 Nf6 5. Nc3 O-O 6. Be2 c6 7. O-O Nbd7 8. b3
e5 9. dxe5 dxe5 10. Bb2 Qe7 11. Qc2 Re8 12. Rad1 Nc5 13. Ba3 Bg4 14. Na4 b6 15.
Nxc5 bxc5 16. h3 Bxf3 17. Bxf3 e4 18. Be2 Nd7 19. Rd2 f5 20. Rfd1 Ne5 21. Bb2
Rad8 22. Rxd8 Rxd8 23. Bxe5 Bxe5 24. f3 exf3 25. Bxf3 Rd6 26. Qf2 f4 27. Kh1
Qf6 28. Re1 Kg7 29. Qe2 Re6 30. Bg4 Re7 31. Qd3 fxe3 32. Rxe3 Bd4 33. Rxe7+
Qxe7 34. Qf1 h6 35. Bf3 Qe6 36. g3 Qd6 37. Qg2 Be5 38. Kh2 h5 39. h4 Bf6 40.
Bxc6 Bxh4 41. Kh3 Be7 42. Bd5 Qe5 43. Bf3 Bd6 44. Be4 g5 45. Bc2 g4+ 46. Kh2 h4
47. Be4 Qd4 48. Qe2 Bxg3+ 49. Kg2 Kf6 50. Qf1+ Ke7 51. Qe2 Kf6 1/2-1/2

[Event "MBSK 2009 A"]
[Site "?"]
[Date "2009.09.12"]
[Round "3.7"]
[White "Ciolek, Florian"]
[Black "Osmanovic, Faruk"]
[Result "0-1"]
[WhiteElo "1766"]
[BlackElo "2096"]
[PlyCount "140"]
[EventDate "2009.09.11"]
[SourceDate "2009.09.11"]

1. e4 c5 2. Nf3 d6 3. d4 cxd4 4. Nxd4 Nf6 5. Nc3 a6 6. Be2 e6 7. Be3 Be7 8. Qd2
O-O 9. O-O-O Nc6 10. Kb1 Qc7 11. g4 b5 12. g5 Nd7 13. Rdg1 Bb7 14. f3 Rfc8 15.
h4 Nf8 16. h5 Ne5 17. Rh2 Bc6 18. Nxc6 Qxc6 19. Rhg2 b4 20. Nd1 a5 21. f4 Nc4
22. Bxc4 Qxc4 23. Nf2 a4 24. Qd3 a3 25. b3 Qc3 26. Bd4 Qc7 27. f5 e5 28. Be3
Qc3 29. Qxc3 Rxc3 30. Bd2 Rf3 31. Bxb4 Nd7 32. Bd2 d5 33. exd5 Bc5 34. Be1 Rxf5
35. Rh1 Rf4 36. Nd3 Rd4 37. Bf2 Rxd5 38. Nxc5 Nxc5 39. Bxc5 Rxc5 40. c4 Rb8 41.
Rc1 Kf8 42. Rcc2 Ke7 43. g6 hxg6 44. hxg6 f5 45. Kc1 Kf6 46. Kd2 Rcc8 47. Ke3
Rh8 48. Rcd2 Rh3+ 49. Ke2 Ke6 50. Rd5 Ra8 51. b4 Rc3 52. Rc5 Rd8 53. Rc6+ Ke7
54. Rc7+ Ke8 55. Kf1 Rc1+ 56. Kf2 Rd2+ 57. Kg3 f4+ 58. Kh2 Rd8 59. Kh3 f3 60.
Rh2 Rd7 61. Rc8+ Ke7 62. Kg3 Rd3 63. Rf2 Rg1+ 64. Kh2 Rxg6 65. Rc2 Kd7 66. Rc5
e4 67. Re5 Rd4 68. Rd5+ Rxd5 69. cxd5 Kd6 70. Rd2 e3 0-1

[Event "MBSK 2009 A"]
[Site "?"]
[Date "2009.09.12"]
[Round "3.8"]
[White "Czikuß, Hans-Joachim"]
[Black "Pantelis, Peponis"]
[Result "1/2-1/2"]
[WhiteElo "1964"]
[BlackElo "1754"]
[Annotator "User,Your"]
[PlyCount "108"]
[EventDate "2009.09.11"]
[SourceDate "2009.09.11"]

1. Nf3 Nf6 2. c4 d6 3. g3 g6 4. Bg2 Bg7 5. O-O O-O 6. Nc3 e5 7. d4 Nbd7 8. e4
c6 9. h3 Qc7 10. Be3 Re8 11. Qc2 exd4 12. Nxd4 Nc5 13. Rad1 Be6 14. b3 Rad8 15.
Rfe1 Qc8 16. Kh2 h5 17. Bg5 Bd7 18. f4 Ne6 19. Nxe6 Bxe6 20. e5 dxe5 21. Rxd8
Rxd8 22. fxe5 Bf5 23. Qc1 Nd7 24. Bxd8 Qxd8 25. Qd2 Qc7 26. Be4 Bxe5 27. Bxf5
Bxg3+ 28. Kg2 Bxe1 29. Qxe1 gxf5 30. Qg3+ Qxg3+ 31. Kxg3 Kg7 32. Ne2 Kg6 33.
Nf4+ Kg5 34. h4+ Kh6 35. Nd3 f6 36. Nf4 b6 37. Ne6 Ne5 38. Nd4 Kg6 39. Ne6 Nd3
40. Nd8 f4+ 41. Kf3 Kf5 42. Kg2 c5 43. Nc6 Ke4 44. Nxa7 f3+ 45. Kf1 Ne5 46. Nc8
Ng4 47. Nxb6 Kf4 48. Nd5+ Kg3 49. Ke1 Kxh4 50. a4 Kg3 51. a5 Ne5 52. a6 Nc6 53.
Nxf6 h4 54. Kf1 h3 {und Remis nach einigen weiteren Zügen} 1/2-1/2

[Event "MBSK 2009 A"]
[Site "?"]
[Date "2009.09.13"]
[Round "4.7"]
[White "Knopf, Klaus"]
[Black "Riehle, Marco"]
[Result "1-0"]
[WhiteElo "1812"]
[BlackElo "1366"]
[PlyCount "45"]
[EventDate "2009.09.11"]
[SourceDate "2009.09.11"]

1. e4 e5 2. Nf3 Nc6 3. Bc4 Bc5 4. b4 Bxb4 5. c3 Ba5 6. O-O Nf6 7. d4 exd4 8.
Ba3 d6 9. e5 d5 10. exf6 dxc4 11. fxg7 Rg8 12. cxd4 Rxg7 13. d5 Bg4 14. h3 Qf6
15. hxg4 Qxa1 16. dxc6 f5 17. Qe2+ Kf7 18. Qxc4+ Kg6 19. Qe6+ Qf6 20. gxf5+ Kh5
21. Qxf6 Rg4 22. Bc1 Ra4 23. Qg5# 1-0

[Event "MBSK 2009 A"]
[Site "?"]
[Date "2009.09.13"]
[Round "4.13"]
[White "Bruns, Patrick"]
[Black "Ciolek, Florian"]
[Result "1/2-1/2"]
[WhiteElo "1682"]
[BlackElo "1766"]
[PlyCount "40"]
[EventDate "2009.09.11"]
[SourceDate "2009.09.11"]

1. e4 e5 2. Nf3 Nc6 3. Bb5 a6 4. Ba4 Nf6 5. O-O Be7 6. Re1 b5 7. Bb3 O-O 8. h3
Bb7 9. c3 d5 10. d3 dxe4 11. dxe4 Qxd1 12. Bxd1 Rad8 13. Bc2 Nd7 14. b4 Nb6 15.
a4 bxa4 16. Bxa4 Nxa4 17. Rxa4 Rd3 18. Bd2 Rfd8 19. Ra2 Bc8 20. Kh2 f6 1/2-1/2

[Event "MBSK 2009 A"]
[Site "?"]
[Date "2009.09.13"]
[Round "4.10"]
[White "Peponis, Pantelis"]
[Black "Holzapfel, Markus"]
[Result "1/2-1/2"]
[WhiteElo "1754"]
[BlackElo "1660"]
[PlyCount "40"]
[EventDate "2009.09.11"]
[SourceDate "2009.09.11"]

1. d4 e6 2. Nf3 f5 3. g3 Nf6 4. Bg2 Be7 5. c4 O-O 6. O-O d6 7. Nc3 Nbd7 8. Qc2
e5 9. dxe5 Nxe5 10. Nxe5 dxe5 11. Rd1 Qe8 12. Nd5 Nxd5 13. Bxd5+ Kh8 14. b3 e4
15. c5 c6 16. Bc4 Bxc5 17. a4 Be7 18. Bb2 Qg6 19. f4 Be6 20. Be5 Rad8 1/2-1/2

[Event "MBSK 2009 A"]
[Site "?"]
[Date "2009.09.13"]
[Round "4.12"]
[White "Jaeschke, Felix"]
[Black "Gubela, Hans-Erich Const"]
[Result "1-0"]
[WhiteElo "1782"]
[BlackElo "1721"]
[PlyCount "61"]
[EventDate "2009.09.11"]
[SourceDate "2009.09.11"]

1. e4 c5 2. Nc3 a6 3. g3 b6 4. Bg2 Bb7 5. Nge2 e6 6. O-O Nf6 7. a3 Qc7 8. d4 d6
9. d5 exd5 10. Nxd5 Bxd5 11. exd5 Nbd7 12. c4 Be7 13. Nc3 O-O 14. f4 Rfb8 15.
a4 Nf8 16. g4 Ng6 17. b3 Nd7 18. g5 f5 19. Bh3 Rf8 20. Qe1 Rae8 21. Qe6+ Kh8
22. Bxf5 Bf6 23. Qxd7 Bd4+ 24. Kh1 Qxd7 25. Bxd7 Re7 26. Bd2 Rxd7 27. Rae1 Bxc3
28. Bxc3 Rdf7 29. Re6 Rxf4 30. Rxf4 Rxf4 31. Rxd6 1-0

[Event "MBSK 2009 A"]
[Site "?"]
[Date "2009.09.13"]
[Round "4.6"]
[White "Sexauer, Achim"]
[Black "Schmitz, Stefan"]
[Result "1/2-1/2"]
[WhiteElo "1852"]
[BlackElo "1899"]
[PlyCount "42"]
[EventDate "2009.09.11"]
[SourceDate "2009.09.11"]

1. e4 e5 2. Nc3 Nf6 3. Bc4 Nc6 4. d3 d6 5. f4 Be7 6. Nf3 exf4 7. Bxf4 Be6 8.
Nd5 Qd7 9. O-O O-O 10. Qd2 Bd8 11. Rae1 Bxd5 12. Bxd5 Nxd5 13. exd5 Ne7 14. c4
Ng6 15. Be3 Bf6 16. b3 b6 17. Re2 Rae8 18. Rfe1 Re7 19. Bd4 Bxd4+ 20. Nxd4 Rfe8
21. Rxe7 Rxe7 1/2-1/2

[Event "MBSK 2009 A"]
[Site "?"]
[Date "2009.09.13"]
[Round "4.1"]
[White "Moser, Axel"]
[Black "Van der Vegt, Hans"]
[Result "1/2-1/2"]
[WhiteElo "2115"]
[BlackElo "2107"]
[PlyCount "41"]
[EventDate "2009.09.11"]
[SourceDate "2009.09.11"]

1. d4 g6 2. c4 Bg7 3. g3 f5 4. Bg2 Nf6 5. Nh3 d6 6. d5 e5 7. dxe6 c6 8. Ng5 O-O
9. Nc3 Qe7 10. Bf4 Ne8 11. Nf7 Bxe6 12. Nxd6 Na6 13. Nxe8 Rfxe8 14. O-O Bxc4
15. Qa4 Qb4 16. Qc2 Rad8 17. Rad1 Qe7 18. Rxd8 Rxd8 19. Re1 Nb4 20. Qb1 Nd5 21.
Nxd5 1/2-1/2

[Event "MBSK 2009 A"]
[Site "?"]
[Date "2009.09.13"]
[Round "4.14"]
[White "Bernhard, Sebastian"]
[Black "Bladt, Johannes"]
[Result "1/2-1/2"]
[WhiteElo "1521"]
[BlackElo "1620"]
[PlyCount "71"]
[EventDate "2009.09.11"]
[SourceDate "2009.09.11"]

1. d4 f5 2. Bf4 Nf6 3. e3 g6 4. Nd2 Bg7 5. h4 O-O 6. Ngf3 Qe8 7. Bd3 d6 8. Qe2
Nc6 9. Bh2 Bd7 10. c3 e5 11. dxe5 dxe5 12. O-O-O Kh8 13. e4 f4 14. Ne1 Bg4 15.
f3 Be6 16. Bc4 Qf7 17. Nc2 Rfd8 18. Bxe6 Qxe6 19. Qc4 Qxc4 20. Nxc4 Bf8 21. Bg1
Rxd1+ 22. Kxd1 Rd8+ 23. Ke2 b5 24. N4a3 a6 25. Bf2 Kg7 26. b4 h6 27. Nb1 Rd7
28. Nd2 Nd8 29. Nb3 Ne6 30. Ne1 Nh5 31. Nd3 Kf6 32. Rh3 Nhg7 33. Rh1 Nh5 34.
Rh3 Nhg7 35. Rh1 Nh5 36. Rh3 1/2-1/2

[Event "MBSK 2009 A"]
[Site "?"]
[Date "2009.09.13"]
[Round "4.4"]
[White "Zunker, Michael"]
[Black "Gashi, Fadil"]
[Result "1-0"]
[WhiteElo "1978"]
[BlackElo "1712"]
[Annotator "User,Your"]
[PlyCount "79"]
[EventDate "2009.09.11"]
[SourceDate "2009.09.11"]

1. e4 e5 2. Nf3 d6 3. d4 exd4 4. Nxd4 Nf6 5. Nc3 Be7 6. Be2 O-O 7. O-O Nbd7 8.
Nb3 a6 9. a4 b6 10. f4 Bb7 11. Bf3 Re8 12. Re1 Bf8 13. Qd3 Rb8 14. Be3 c5 15.
Bf2 Qc7 16. Nd2 Rbd8 17. Nc4 Nb8 18. Ne3 Nbd7 19. Rad1 h6 20. Bh4 Be7 21. Nf5
Nb8 22. Nxe7+ Qxe7 23. Nd5 Bxd5 24. exd5 Qf8 25. Bxf6 gxf6 26. Qf5 Qg7 27. Bh5
b5 28. axb5 axb5 29. Kf2 Kf8 30. Ra1 Rxe1 31. Rxe1 Kg8 32. Re7 Rf8 33. Re3 Rd8
34. Rg3 Kf8 35. Rxg7 Kxg7 36. Bf3 Nd7 37. Be4 Ne5 38. Qh7+ Kf8 39. Qxh6+ Ke7
40. Qg7 {Rest nicht rekonstruierbar, 1:0 nach 49 Zügen} 1-0

[Event "MBSK 2009 A"]
[Site "?"]
[Date "2009.09.13"]
[Round "4.9"]
[White "Karaissarisidis, Christos"]
[Black "Gubela, Hans-Erich"]
[Result "0-1"]
[WhiteElo "1720"]
[BlackElo "1911"]
[PlyCount "80"]
[EventDate "2009.09.11"]
[SourceDate "2009.09.11"]

1. d4 d6 2. Bf4 g6 3. Nf3 Bg7 4. e3 c5 5. c3 cxd4 6. cxd4 Nf6 7. h3 O-O 8. Bc4
Qb6 9. O-O Qxb2 10. Nbd2 Qb6 11. Rb1 Qd8 12. Qb3 Nc6 13. Rfc1 Na5 14. Qb4 Nxc4
15. Nxc4 Nd5 16. Qb5 Nxf4 17. exf4 b6 18. Rb3 Bd7 19. Qg5 h6 20. Qg3 Rc8 21.
Rbc3 b5 22. Ne3 Rxc3 23. Rxc3 Qa5 24. Nd5 Qd8 25. Ra3 Bc6 26. Ne3 Bxf3 27. Qxf3
Bxd4 28. f5 Kg7 29. Qe4 Bxe3 30. fxe3 a5 31. Qd5 Qb6 32. fxg6 fxg6 33. Qe6 Rf7
34. Rc3 b4 35. Rc8 Qb5 36. Rd8 Rf1+ 37. Kh2 Qe5+ 38. Qxe5+ dxe5 39. Ra8 Ra1 40.
Rxa5 b3 0-1

[Event "MBSK 2009 A"]
[Site "?"]
[Date "2009.09.13"]
[Round "4.2"]
[White "Osmanovic, Faruk"]
[Black "Vyernyy, Leonid"]
[Result "0-1"]
[WhiteElo "2096"]
[BlackElo "2025"]
[PlyCount "86"]
[EventDate "2009.09.11"]
[SourceDate "2009.09.11"]

1. e4 c5 2. Nf3 g6 3. d4 cxd4 4. Nxd4 Bg7 5. Nc3 Nc6 6. Be3 Nf6 7. Be2 d6 8.
O-O O-O 9. Qd2 Re8 10. Bf3 Bd7 11. Rfe1 a6 12. Nxc6 Bxc6 13. Nd5 Nd7 14. Bd4
Bxd4 15. Qxd4 Ne5 16. Be2 Bd7 17. Nb6 Nc6 18. Qe3 Rb8 19. Rad1 Be6 20. f4 Qc7
21. Rd3 Rbd8 22. Red1 Qb8 23. f5 gxf5 24. Qh6 f4 25. Nd5 Kh8 26. Nxf4 Qa7+ 27.
Kh1 Bc8 28. Rg3 Rg8 29. Nh5 Rxg3 30. hxg3 Rg8 31. Rxd6 Qb8 32. e5 Bf5 33. Rf6
Bg6 34. Rxc6 bxc6 35. e6 fxe6 36. g4 Qf8 37. Qe3 Bxh5 38. gxh5 Qf6 39. c3 Rg5
40. Qh3 Re5 41. Bf3 Re1+ 42. Kh2 Qf4+ 43. Qg3 Rh1+ 0-1

[Event "MBSK 2009 A"]
[Site "?"]
[Date "2009.09.13"]
[Round "4.8"]
[White "Klein, Michael"]
[Black "Czikuß, Hans-Joachim"]
[Result "1/2-1/2"]
[WhiteElo "1745"]
[BlackElo "1964"]
[PlyCount "63"]
[EventDate "2009.09.11"]
[SourceDate "2009.09.11"]

1. d4 Nf6 2. Nf3 e6 3. e3 b6 4. Bd3 Bb7 5. Nbd2 d5 6. O-O Be7 7. Ne5 O-O 8. f4
c5 9. c3 Nbd7 10. Qf3 Qc7 11. Qh3 Rac8 12. Ndf3 Ne4 13. Bd2 f5 14. Nxd7 Qxd7
15. Ne5 Qe8 16. Be1 Bf6 17. Bh4 Bxe5 18. dxe5 d4 19. exd4 cxd4 20. cxd4 Qa4 21.
Qe3 Qb4 22. Rab1 Rc7 23. a3 Qa4 24. Rbc1 Rfc8 25. Rxc7 Rxc7 26. Be1 Qb3 27. Qe2
Bd5 28. Bxe4 Bxe4 29. Bc3 Bb7 30. Qh5 Rc8 31. Qd1 Qd5 32. Rf2 1/2-1/2

[Event "MBSK 2009 A"]
[Site "?"]
[Date "2009.09.13"]
[Round "4.11"]
[White "Graf, Anton"]
[Black "Johne, Florian"]
[Result "1-0"]
[WhiteElo "1807"]
[BlackElo "1751"]
[PlyCount "87"]
[EventDate "2009.09.11"]
[SourceDate "2009.09.11"]

1. e4 e5 2. Nf3 Nc6 3. Bc4 Nf6 4. d4 exd4 5. O-O Nxe4 6. Re1 d5 7. Bxd5 Qxd5 8.
Nc3 Qa5 9. Nxe4 Be6 10. Neg5 O-O-O 11. Nxe6 fxe6 12. Rxe6 Bd6 13. Qe2 h6 14.
Bd2 Qf5 15. Rc1 g5 16. Qe4 Qxe4 17. Rxe4 Rde8 18. Rce1 Rxe4 19. Rxe4 Bc5 20. a3
a5 21. Kf1 b6 22. Ke2 Kd7 23. Kd3 Rf8 24. h4 gxh4 25. Bxh6 Rf5 26. Rxh4 Be7 27.
Rf4 Rxf4 28. Bxf4 Bf6 29. b3 b5 30. Ke4 a4 31. bxa4 bxa4 32. Bc1 Kd6 33. g4 Kc5
34. g5 Bh8 35. Bf4 d3 36. cxd3 Bb2 37. Be5 Bxa3 38. g6 Ne7 39. g7 Bc1 40. Ne1
a3 41. Nc2 Bb2 42. f4 Bxe5 43. Kxe5 a2 44. f5 1-0

[Event "MBSK 2009 A"]
[Site "?"]
[Date "2009.09.13"]
[Round "4.3"]
[White "Kick, Joachim"]
[Black "Zymberi, Jeton"]
[Result "1-0"]
[WhiteElo "2177"]
[BlackElo "1808"]
[PlyCount "123"]
[EventDate "2009.09.11"]
[SourceDate "2009.09.11"]

1. Nf3 Nf6 2. c4 d5 3. cxd5 Nxd5 4. d4 Bg4 5. Ne5 Be6 6. e4 Nf6 7. Nc3 c6 8. d5
Bc8 9. Qb3 Qb6 10. Be3 Qxb3 11. axb3 a6 12. dxc6 Nxc6 13. Nxc6 bxc6 14. Bc4 e6
15. f3 Be7 16. Kf2 O-O 17. Na4 Nd7 18. Nb6 Nxb6 19. Bxb6 Bf6 20. Rab1 Rb8 21.
Bc5 Rd8 22. Rhd1 Bb7 23. Bd6 Ra8 24. e5 Bg5 25. g3 Re8 26. f4 Bd8 27. Bc5 a5
28. Rd7 Bc8 29. Rd2 Bc7 30. Ke3 f6 31. Bd6 Bb6+ 32. Kd3 Kf7 33. Kc3 f5 34. Ra1
Bb7 35. Rad1 Red8 36. Ba3 Rxd2 37. Rxd2 Bc8 38. Rd6 Bg1 39. Rd2 c5 40. Bb5 Ra7
41. Kc4 Rc7 42. Ba4 Ba6+ 43. Bb5 Bb7 44. Ba4 Be3 45. Re2 Bd5+ 46. Kb5 Bd4 47.
Kxa5 c4 48. bxc4 Bxc4 49. Rc2 Ra7+ 50. Kb4 Bd5 51. Bc6 Rc7 52. Kb5 g5 53. fxg5
Bxe5 54. b4 Ke7 55. Kb6 Kd8 56. b5 f4 57. gxf4 Bxf4 58. Bc1 Bd6 59. Be3 Rc8 60.
Rd2 Bxc6 61. bxc6 Rb8+ 62. Ka7 1-0

[Event "MBSK 2009 A"]
[Site "?"]
[Date "2009.09.13"]
[Round "5.8"]
[White "Holzapfel, Markus"]
[Black "Gantner, Ralf"]
[Result "1/2-1/2"]
[WhiteElo "1660"]
[BlackElo "1928"]
[PlyCount "20"]
[EventDate "2009.09.11"]
[SourceDate "2009.09.11"]

1. e4 e6 2. d4 d5 3. Nc3 Nf6 4. Bg5 Bb4 5. exd5 exd5 6. Qf3 Be6 7. Bxf6 Qxf6 8.
Qxf6 Bxc3+ 9. bxc3 gxf6 10. Bd3 Nd7 1/2-1/2